书目信息 |
| 题名: |
德国一本就GO!
|
|
| 作者: | ;墨刻编辑部 编著 | |
| 分册: | ||
| 出版信息: | 北京 人民邮电出版社 2009.08 |
|
| 页数: | 167页 | |
| 开本: | 21cm | |
| 丛书名: | 一本就GO! | |
| 单 册: | ||
| 中图分类: | K951.69 | |
| 科图分类: | ||
| 主题词: | 旅游指南--lv you zhi nan--德国 | |
| 电子资源: | ||
| ISBN: | 978-7-115-20002-0 | |
| 000 | 01173nam 2200253 450 | |
| 001 | 072009 | |
| 005 | 20100531150612.75 | |
| 010 | @a978-7-115-20002-0@dCNY25.00 | |
| 100 | @a20100515d2009 em y0chiy0121 ea | |
| 101 | 0 | @achi |
| 102 | @aCN@b110000 | |
| 105 | @aab z 000yy | |
| 200 | 1 | @a德国一本就GO!@Ade guo yi ben jiu GO!@f墨刻编辑部编著 |
| 210 | @a北京@c人民邮电出版社@d2009.08 | |
| 215 | @a167页@c图@d21cm | |
| 225 | 2 | @a一本就GO!@Ayi ben jiu GO! |
| 306 | @a本书经城邦文化事业股份有限公司墨刻出版事业部独家授权, 同意经由人民邮电出版社出版中文简体字版本 | |
| 330 | @a本书分为分区导览、旅游资讯两个单元。分区导览部分, 主要以路线区分, 分为莱茵河之旅、罗曼蒂克大道、童话大道、古堡大道、黑森林等路线, 各线除了有交通资讯、地图等基本资料外, 还囊括4个小单元, 介绍了最热门的景点、最时尚的购物、最受欢迎的美食、最便利的住宿。此外, 本书还介绍了德国著名的城堡宫殿, 包括新天鹅堡、林德霍夫宫和赫伦基姆湖宫, 以及必访的法兰克福、柏林、慕尼黑、罗腾堡和海德堡等经典城市。 | |
| 410 | 0 | @12001 @a一本就GO! |
| 606 | 0 | @a旅游指南@Alv you zhi nan@y德国 |
| 690 | @aK951.69@v4 | |
| 711 | 02 | @a墨刻编辑部@Amo ke bian ji bu@4编著 |
| 801 | 0 | @aCN@c20100515 |
| 905 | @dK951.69@eM903@f3 | |
| 德国一本就GO!/墨刻编辑部编著.-北京:人民邮电出版社,2009.08 |
| 167页:图;21cm.-(一本就GO!) |
| ISBN 978-7-115-20002-0:CNY25.00 |
| 本书分为分区导览、旅游资讯两个单元。分区导览部分, 主要以路线区分, 分为莱茵河之旅、罗曼蒂克大道、童话大道、古堡大道、黑森林等路线, 各线除了有交通资讯、地图等基本资料外, 还囊括4个小单元, 介绍了最热门的景点、最时尚的购物、最受欢迎的美食、最便利的住宿。此外, 本书还介绍了德国著名的城堡宫殿, 包括新天鹅堡、林德霍夫宫和赫伦基姆湖宫, 以及必访的法兰克福、柏林、慕尼黑、罗腾堡和海德堡等经典城市。 |
| ● |
| 相关链接 |
|
|
|
正题名:德国一本就GO!
索取号:K951.69/M903
 
预约/预借
| 序号 | 登录号 | 条形码 | 馆藏地/架位号 | 状态 | 备注 |
| 1 | 984869 | 209848691 | 社科库309/309社科库 27排4列5层/ [索取号:K951.69/M903] | 在馆 | |
| 2 | 984870 | 209848708 | 社科库309/309社科库 27排4列5层/ [索取号:K951.69/M903] | 在馆 | |
| 3 | 984871 | 209848717 | 社科库309/309社科库 27排4列5层/ [索取号:K951.69/M903] | 在馆 |